| 000 -CABECERA |
| Longitud fija campo de control |
00671nam a2200181 a 4500 |
| 001 - NÚMERO DE CONTROL |
| Número de control |
5433 |
| 003 - IDENTIFICADOR DEL NÚMERO DE CONTROL |
| Identificador del número de control |
CDMR |
| 005 - FECHA Y HORA DE LA ÚLTIMA TRANSACCIÓN |
| Fecha y hora de la última transacción |
20131111141346.0 |
| 008 - CÓDIGOS DE INFORMACIÓN DE LONGITUD FIJA |
| Códigos de información de longitud fija |
130130s1992||||||||||||||||||||||||||||d |
| 040 ## - FUENTE DE LA CATALOGACIÓN |
| Centro catalogador de origen |
CDMR |
| Lengua de catalogación |
cat |
| Centro transcriptor |
CDMR |
| 245 #0 - MENCIÓN DE TÍTULO |
| Título |
Pluralisme et concentration des medias dans le marche interieur |
| Resto del título |
: evaluation de la nécessité d'une action communautaire : livre vert de la Comission |
| Mención de responsabilidad, etc. |
Comissió des Communautes Europeennes |
| 260 ## - PUBLICACIÓN, DISTRIBUCIÓN, ETC. (PIE DE IMPRENTA) |
| Lugar de publicación, distribución, etc. |
Bruxelles |
| Fecha de publicación, distribución, etc. |
1992 |
| Nombre del editor, distribuidor, etc. |
Communautés Européennes |
| 300 ## - DESCRIPCIÓN FÍSICA |
| Extensión |
128 p ; |
| Dimensiones |
30 cm |
| 650 04 - PUNTO DE ACCESO ADICIONAL DE MATERIA - TÉRMINO DE MATERIA |
| 9 (RLIN) |
1607 |
| Término de materia o nombre geográfico como elemento inicial |
Mitjans de comunicació de massa |
| Subdivisión geográfica |
Europa |
| 650 04 - PUNTO DE ACCESO ADICIONAL DE MATERIA - TÉRMINO DE MATERIA |
| 9 (RLIN) |
4123 |
| Término de materia o nombre geográfico como elemento inicial |
Concentració industrial |
| 650 04 - PUNTO DE ACCESO ADICIONAL DE MATERIA - TÉRMINO DE MATERIA |
| 9 (RLIN) |
4257 |
| Término de materia o nombre geográfico como elemento inicial |
Dret comunitari |
| 942 ## - ENTRADA DE ELEMENTOS AGREGADOS (KOHA) |
| Koha [por defecto] tipo de item |
Monografies |
| Fuente de clasificaión o esquema |
|